pavement - harness your hopes lyrics - Statistics

General Stats
  • This quiz has been taken 19 times
  • The average score is 172 of 261
Answer Stats
% Correct
harness
100%
hopes
100%
hopes,
100%
you
100%
a
93%
a-
93%
and
93%
i
93%
just
93%
me
93%
on
93%
one
93%
person
93%
that
93%
the
93%
with
93%
your
93%
be
87%
because
87%
don't
87%
for
87%
in
87%
is
87%
know
87%
made
87%
only
87%
to
87%
as
80%
at
80%
it
80%
it,
80%
kill
80%
molasses
80%
parents
80%
roast
80%
show
80%
syrup
80%
them
80%
asses,
73%
assets
73%
de
73%
end
73%
etch
73%
i'm
73%
or
73%
pavement
73%
permanently
73%
rhymes
73%
up
73%
was
73%
won't
73%
word
73%
you'll
73%
anything
67%
attract
67%
checking
67%
deep
67%
house
67%
inside
67%
it's
67%
lighthouse
67%
moves,
67%
out
67%
passes,
67%
sketch
67%
telegraph
67%
try
67%
us
67%
we're
67%
white
67%
catch
60%
cauterized
60%
cold
60%
gonna
60%
into
60%
moved
60%
so
60%
spit
60%
stormed
60%
you're
60%
bad,
53%
bad
53%
'cause
53%
freaks
53%
have
53%
like
53%
shake
53%
away
47%
between
47%
far
47%
goth
47%
grooves
47%
has
47%
hearse
47%
hold
47%
index,
47%
kid
47%
morning
47%
of
47%
open
47%
paper
47%
pinched
47%
pointer,
47%
scenic
47%
thumb
47%
time
47%
truly
47%
wide
47%
asking
40%
quay,
40%
beginning,
33%
century
33%
church
33%
coma
33%
from
33%
late
33%
leisure,
33%
leisure
33%
linen
33%
living
33%
my
33%
nothing
33%
oh
33%
proud
33%
semi-automatic
33%
shroud
33%
someone's
33%
starts
33%
suit
33%
ten
33%
this
33%
turns
33%
again,
27%
are
27%
baking
27%
cash
27%
donna
27%
heartbreaking,
27%
home
27%
lovers
27%
nun
27%
parrot
27%
perch
27%
ropes
27%
believers
20%
ecstatic
20%
heart's
20%
kiwis
20%
minds
20%
purse,
20%
rations,
20%
reference
20%
they
20%
way
20%
well,
20%
earthquaking,
13%
metallic
13%
plot,
13%
see
13%
sting
13%
took
13%
yearling
13%
cling,
7%
varona
7%
No matching quizzes found
Score Distribution
Percent of People with Each Score
Percentile by Number Answered
Your Score History
You have not taken this quiz